| 000 | 00485cam a22001457a 4500 | ||
|---|---|---|---|
| 008 | 180718b1967 xxu||||| |||| 00| 0 eng d | ||
| 082 | _aZ06x54 In2r | ||
| 100 | _aIndia. Technical Committee on Crop Estimates | ||
| 245 |
_aReport of the Technical Committee on Crop Estimates _cby Planning Commission |
||
| 260 |
_aDelhi _bThe Manager of Publications _c1967 |
||
| 300 | _a127+p. | ||
| 500 | _aChairman: S.R. Sen | ||
| 700 | _aIndia. Planning Commission | ||
| 700 | _aSen, S.R. (Chairman) | ||
| 999 |
_c489953 _d489953 |
||